Govt. of
Madhya Pradesh

50, प्रैक्टिस सेट्स रीजनिग एस एस सी, रेलवे, पुलिस आर्मी एवं अन्‍य सभी एकदिवसीय परीक्षाओं के लिए उपयाेगी (Record no. 63038)

MARC details
000 -LEADER
fixed length control field 00537nam a22001097a 4500
082 ## - DEWEY DECIMAL CLASSIFICATION NUMBER
Classification number 160
100 ## - MAIN ENTRY--AUTHOR NAME
Personal name Guider
245 ## - TITLE STATEMENT
Title 50, प्रैक्टिस सेट्स रीजनिग एस एस सी, रेलवे, पुलिस आर्मी एवं अन्‍य सभी एकदिवसीय परीक्षाओं के लिए उपयाेगी
260 ## - PUBLICATION, DISTRIBUTION, ETC. (IMPRINT)
Place of publication नई दिल्‍ली
Name of publisher Guider Competitive Group
Year of publication 2020
650 ## - SUBJECT ADDED ENTRY--TOPICAL TERM
Topical Term तर्कशक्ति
942 ## - ADDED ENTRY ELEMENTS (KOHA)
Koha item type Hindi Books
Holdings
Withdrawn status Lost status Damaged status Not for loan Home library Current library Date acquired Cost, normal purchase price Full call number Accession Number Price effective from Koha item type
        MACL MACL 29/08/2020 199.00 160 GCLC00718 29/08/2020 Hindi Books
        MACL MACL 29/08/2020 199.00 160 GCLC00717 29/08/2020 Hindi Books